| 000 | 00534nam a22001937a 4500 | ||
|---|---|---|---|
| 003 | OSt | ||
| 005 | 20160527184024.0 | ||
| 008 | 160527b xxu||||| |||| 00| 0 eng d | ||
| 020 | _a9780955167850 | ||
| 040 | _c040a | ||
| 082 |
_aQW 551 _bN15l 2007 |
||
| 245 |
_aHIV and AIDS reference manual / _cGus Cairns |
||
| 260 |
_aLondon _bNAM _c2007 |
||
| 300 |
_avii,609p; _bill : _c30 cm |
||
| 504 | _aIncludes bibliographical references and index | ||
| 650 |
_aReference manual _99077 |
||
| 700 |
_aCairns, Gus _99078 |
||
| 942 |
_2ddc _cO_SHELF |
||
| 999 |
_c4210 _d4210 |
||